00408nam a2200169 a 450000100060000000300090000600800410001502000150005604000280007108200170009910000190011624500090013526000410014430000080018565000210019365000240021421465CO-ViMGA141112s2004 ck r 000 u spa d a9685146640 aCO-ViMGAbspacCO-ViMGA04a823.91 O783m1 aOrwell, George10a1984 aMexico : bEdiciones Leyenda, c2005 a28414aNOVELAS INGLESAS14aSOCIALISMO - NOVELA